000 00414nam a2200169Ia 4500
008 220216s9999 xx 000 0 und d
100 _aKulkarni P R
245 0 _aUtilisation of rubber effluent (1)
260 _bPlanter
_c1973
300 _a307-313
650 _aEffluent treatment
650 _aRubber effluent
700 _aHo Peter
700 _aRatnasabapathy M
700 _aStanton W R
942 _cJS
999 _c72012
_d72012